|
|
|
|
| LEADER |
00000nam a22000003a 4500 |
| 001 |
stu87054 |
| 005 |
20150408161254.2 |
| 008 |
040518s1998----xo------------------slo-d |
| 020 |
|
|
|a 80-967713-8-8
|
| 040 |
|
|
|a STU
|b slo
|
| 041 |
0 |
|
|a slo
|
| 044 |
|
|
|a xo
|
| 080 |
|
|
|a 331.45
|
| 245 |
|
|
|a Hodnotenie rizík priemyselných havárií
|
| 260 |
|
|
|a Bratislava :
|b ASPEK,
|c 1998
|
| 300 |
|
|
|a 107 s
|
| 650 |
|
7 |
|a havárie priemyselné
|2 stusub
|
| 856 |
4 |
|
|a https://sweb.mtf.stuba.sk/obsahy/hodnotenie_rizik_priemyselnych_havarii_98.pdf
|u https://sweb.mtf.stuba.sk/obsahy/hodnotenie_rizik_priemyselnych_havarii_98.pdf
|3 OBSAH
|
| 996 |
|
|
|b 284M057505
|c M*11399-4
|l MMKN
|s A
|a 24
|w stu87054_0001
|
| 996 |
|
|
|b 284M057502
|c M*11399-1
|l MMST
|s A
|a 24
|w stu87054_0002
|
| 996 |
|
|
|b 284M057503
|c M*11399-2
|l MMKN
|s A
|a 24
|w stu87054_0003
|
| 996 |
|
|
|b 284M057504
|c M*11399-3
|l MMKN
|s A
|a 24
|w stu87054_0004
|